[Event "Vergani Le Terrazze-Elite 2019"]
[Site "Villorba"]
[Date "2019.01.06"]
[Round "9"]
[White "Andriasian, Zaven"]
[Black "Jobava, Baadur"]
[Result "1/2-1/2"]
[WhiteElo "2604"]
[BlackElo "2629"]
[Annotator "TA"]
[PlyCount "40"]
[EventDate "2019.01.02"]
[EventType "swiss"]
[EventCountry "ITA"]
[SourceTitle "playchess.com"]
[Source "ChessBase"]
[SourceQuality "1"]

{[%evp 12,40,22,20,31,36,50,12,13,11,15,0,0,0,0,0,9,-10,0,-12,-13,-15,8,8,8,0,8,0,8,0,3]} 1. e4 e5 2. Nf3 Nf6 3. Nxe5 d6 4. Nf3 Nxe4 5. Nc3 Nxc3 6. dxc3 Nc6 7. Be3 {LiveBook: 75 Games. C42: Petroff Defence: 3 Nxe5 and unusual White 3rd moves} Bf5 (7... Be7 8. Bc4 Be6 9. Bxe6 fxe6 10. Qd3 Qd7 11. O-O-O O-O-O 12. c4 Kb8 13. Rhe1 Bf6 14. Qa3 h6 {0-1 (33) Grischuk,A (2766)-Duda,J (2737) chess.com INT 2018}) 8. Bd3 Qd7 9. O-O $146 {White is slightly better.} ({Predecessor:} 9. Qd2 Bxd3 10. Qxd3 Be7 11. O-O-O O-O-O 12. Qc4 Bf6 13. Rd3 h5 14. h3 g5 {½-½ (27) Torrente,A (1817)-Coca Cubillos,J (2036) Villamaria 2016}) 9... Be7 {The position is equal.} 10. Bxf5 Qxf5 11. Qd3 Qxd3 12. cxd3 Kd7 13. Rfe1 Rae8 14. Kf1 Bf6 15. Bd2 Rxe1+ 16. Rxe1 Re8 17. Rxe8 Kxe8 18. Ke2 Kd7 19. h3 d5 20. Bf4 a6 {Precision: White = 24%, Black = 50%.} 1/2-1/2

[Event "Vergani Le Terrazze-Elite 2019"]
[Site "Villorba"]
[Date "2019.01.06"]
[Round "9"]
[White "Ter-Sahakyan, Samvel"]
[Black "Dreev, Aleksey"]
[Result "1/2-1/2"]
[WhiteElo "2574"]
[BlackElo "2670"]
[Annotator "TA"]
[PlyCount "40"]
[EventDate "2019.01.02"]
[EventType "swiss"]
[EventCountry "ITA"]
[SourceTitle "playchess.com"]
[Source "ChessBase"]
[SourceQuality "1"]

{[%evp 13,40,37,35,25,31,0,47,9,23,-3,35,41,49,45,39,33,34,49,43,35,49,45,81,0,71,0,86,0,56]} 1. e4 c6 2. d4 d5 3. e5 Bf5 4. Nf3 e6 5. Be2 Ne7 6. O-O Bg6 7. c3 {B12: Caro-Kann: Advance Variation} Nf5 {LiveBook: 15 Games} 8. a4 c5 $146 ({Predecessor:} 8... Nd7 9. a5 a6 10. b4 Be7 11. Nbd2 O-O 12. Nb3 f6 13. g4 Nh6 14. exf6 Rxf6 {0-1 (31) Perez Ponsa,F (2585)-Akopian,V (2675) Doha 2016}) 9. g4 {White is slightly better.} Nh6 {[%cal Bf5h6,Bh6g8,Bg8e7,Be7g6][%mdl 32]} 10. h3 Nc6 11. Be3 Ng8 12. dxc5 h5 13. g5 Nge7 14. b4 $36 {[%mdl 2048] White is pushing.} Bf5 15. h4 Ng6 16. Nbd2 Be7 17. Nb3 Be4 18. Nbd2 Bf5 19. Nb3 Be4 20. Nbd2 Bf5 {Accuracy: White = 40%, Black = 64%.} 1/2-1/2

[Event "Vergani Le Terrazze-Elite 2019"]
[Site "Villorba"]
[Date "2019.01.06"]
[Round "9"]
[White "Epishin, Vladimir"]
[Black "Bernadskiy, Vitaliy"]
[Result "1/2-1/2"]
[WhiteElo "2563"]
[BlackElo "2550"]
[Annotator "TA"]
[PlyCount "41"]
[EventDate "2019.01.02"]
[EventType "swiss"]
[EventCountry "ITA"]
[SourceTitle "playchess.com"]
[Source "ChessBase"]
[SourceQuality "1"]

{[%evp 9,41,6,28,0,0,0,0,-2,-6,0,24,14,16,10,22,22,18,14,40,14,26,17,22,10,20,7,22,7,21,9,32,33,37,29]} 1. d4 d5 2. Nf3 Nf6 3. c4 e6 4. e3 Bd6 (4... c5 5. Nc3 a6 6. cxd5 exd5 7. Be2 Nc6 8. O-O cxd4 9. Nxd4 Bd6 10. b3 Be5 11. Nxc6 bxc6 12. Bb2 h5 13. f4 Bb8 14. Na4 Ba7 15. Bd4 Bg4 16. Bxg4 hxg4 17. Rc1 {1-0 (68) Mamedyarov,S (2801)-Navara,D (2741) Biel 2018}) 5. Nbd2 b6 {LiveBook: 5 Games} 6. g3 {D30: Queen's Gambit Declined: Systems without Nc3} (6. b4 $5) 6... O-O 7. Bg2 Bb7 $146 ({Predecessor:} 7... Ba6 8. b3 Nbd7 9. O-O Rc8 10. Bb2 Qe7 11. Rc1 Rfd8 {0-1 (56) Konecny,V (1838)-Neumann,J (2135) Karvina 2011}) 8. O-O {The position is equal.} Nbd7 9. b3 e5 10. cxd5 Bxd5 11. dxe5 Nxe5 12. Bb2 Re8 13. Qe2 Nxf3+ 14. Bxf3 Bxf3 15. Qxf3 Be5 16. Bxe5 Rxe5 17. Rfd1 Qd5 18. Kg2 Rae8 19. Rac1 c5 20. Nc4 Qxf3+ 21. Kxf3 1/2-1/2

[Event "Vergani Le Terrazze-Elite 2019"]
[Site "Villorba"]
[Date "2019.01.06"]
[Round "9"]
[White "Shyam, Sundar M."]
[Black "Velten, Paul"]
[Result "1/2-1/2"]
[WhiteElo "2509"]
[BlackElo "2496"]
[Annotator "TA"]
[PlyCount "71"]
[EventDate "2019.01.02"]
[EventType "swiss"]
[EventCountry "ITA"]
[SourceTitle "playchess.com"]
[Source "ChessBase"]
[SourceQuality "1"]

{[%evp 11,71,10,49,7,7,14,6,-21,-16,-33,-28,-30,-18,-16,-20,-63,-63,-61,-58,-70,-61,-67,-54,-55,-60,-60,-63,-73,-58,-68,-68,-53,-53,-58,25,18,18,11,14,21,21,23,21,15,37,7,14,18,25,20,27,0,0,0,13,13,14,0,7,0,0,0]} 1. e4 e5 2. Bc4 Nf6 3. d3 Be7 4. Nc3 d6 5. f4 exf4 6. Bxf4 c6 {LiveBook: 3 Games. C24: Bishop's Opening: 2...Nf6} 7. d4 $146 ({Predecessor:} 7. Nf3 O-O 8. O-O d5 9. Bb3 Na6 10. Qe2 d4 11. Nb1 Nc5 12. Nbd2 a5 13. a4 Nxb3 14. Nxb3 c5 15. Ne5 Be6 16. Nd2 Nd7 17. Nec4 {1-0 (71) Baron Rodriguez,J (2397)-Janev,E (2517) Ortigueira 2002}) 7... d5 8. exd5 cxd5 9. Bb5+ Nc6 10. Nf3 O-O 11. O-O Bg4 12. Bxc6 bxc6 13. h3 Bh5 14. g4 Bg6 15. Ne5 Rc8 $1 16. Nxg6 hxg6 17. Qd3 c5 18. Be5 cxd4 19. Bxd4 Bc5 {...Bxd4+ is the strong threat.} 20. Rad1 Bxd4+ 21. Qxd4 Qc7 {[#] Strongly threatening ...Qg3+.} 22. Rd3 Qc5 (22... Rfe8 $1 $15) 23. g5 $36 {[%mdl 2048] White is pushing.} Ne4 24. Qxc5 Rxc5 25. Rxd5 Rxd5 26. Nxd5 Nxg5 $11 {[%mdl 4096] Endgame KRN-KRN} 27. c4 f5 28. Nf4 Kf7 29. Rd1 Nf3+ 30. Kf2 Ne5 31. b3 g5 {The position is equal.} 32. Nd3 Nxd3+ 33. Rxd3 Ke6 34. c5 Ke5 35. Rd7 Rc8 36. b4 {Precision: White = 72%, Black = 64%.} 1/2-1/2

[Event "Vergani Le Terrazze-Elite 2019"]
[Site "Villorba"]
[Date "2019.01.06"]
[Round "9"]
[White "Sonis, Francesco"]
[Black "Rahul Srivatshav P"]
[Result "1-0"]
[WhiteElo "2473"]
[BlackElo "2370"]
[Annotator "TA"]
[PlyCount "85"]
[EventDate "2019.01.02"]
[EventType "swiss"]
[EventCountry "ITA"]
[SourceTitle "playchess.com"]
[Source "ChessBase"]
[SourceQuality "1"]

{[%evp 16,85,18,12,22,9,10,10,12,16,15,7,8,7,0,0,0,0,0,-14,0,0,0,0,0,-18,26,21,77,67,76,68,62,55,82,52,81,0,119,117,117,118,114,112,110,110,120,102,137,130,298,337,334,212,390,349,475,451,375,332,524,509,852,842,708,817,791,608,547,491,795,749]} 1. b3 e5 2. Bb2 Nc6 3. e3 Nf6 4. c4 Be7 5. a3 O-O 6. d3 {A01: Nimzowitsch-Larsen Opening} (6. Qc2 Re8 7. Nc3 Bf8 8. Bd3 g6 9. Nge2 d5 10. cxd5 Nxd5 11. Nxd5 Qxd5 12. Be4 Qc5 13. Qxc5 Bxc5 {½-½ (55) Mista,A (2584)-Areshchenko,A (2654) Warsaw 2016}) 6... Re8 $146 ({Predecessor:} 6... d6 7. Nf3 Bg4 8. Be2 Re8 9. Nbd2 Bh5 10. O-O Bf8 11. Qc2 Bg6 {1-0 (36) Pereira,H (1882)-Pena Mora,C (1529) Dosquebradas 2018}) 7. Nd2 a5 8. Ngf3 Bf8 9. Be2 {LiveBook: 3 Games} d6 10. O-O Bf5 11. Qc2 g6 12. Rfe1 Bg7 13. Bf1 e4 14. Nd4 exd3 15. Bxd3 Bxd3 16. Qxd3 Nd7 17. N2f3 Nde5 18. Qd1 Qd7 19. Nxe5 Nxe5 20. Qc2 Nc6 21. Nb5 a4 (21... Bxb2 $11 22. Qxb2 a4) 22. Bxg7 $16 Kxg7 23. b4 {[%cal Bb3b4,Bb4b5][%mdl 32]} Ne5 24. Red1 Ra6 25. Rd4 Nc6 26. Rdd1 (26. Rf4 $16) 26... Re5 (26... Ne5 $11 {remains equal.}) 27. Nc3 $36 {[%mdl 2048] White is on the roll.} Ne7 28. b5 Ra8 29. Nxa4 Qe6 30. Nb2 {[%cal Ba4b2,Bb2d3,Bd3f4][%mdl 32]} Rc5 31. Rac1 Rg5 32. Nd3 Nf5 $2 {[#]} (32... b6 $16 33. Nf4 Qf6) 33. Nf4 $18 Qe8 34. Qc3+ f6 $2 (34... Qe5 35. g3 Rc8) 35. c5 Nh4 {intending ...Qe4.} 36. cxd6 cxd6 37. Rxd6 Qe4 (37... Kh6 $142 38. Qxf6 Rc8) 38. Kf1 {White is clearly winning.} Nxg2 (38... Kh6 $142 39. Rd4 (39. Qxf6 Nxg2 40. Qd4 Qxd4 $16) 39... Qe7) 39. Ne6+ {[%mdl 64] [#] Double Attack} Kh6 40. Nxg5 fxg5 41. Rd4 Qf3 {Strongly threatening ...Rf8.} 42. e4 g4 (42... Nh4 $142 43. Qxf3 Nxf3) 43. Rd7 {Accuracy: White = 67%, Black = 36%.} 1-0

[Event "Vergani Le Terrazze-Elite 2019"]
[Site "Villorba"]
[Date "2019.01.06"]
[Round "9"]
[White "Prithu Gupta"]
[Black "Gazik, Viktor"]
[Result "1/2-1/2"]
[WhiteElo "2462"]
[BlackElo "2504"]
[Annotator "TA"]
[PlyCount "124"]
[EventDate "2019.01.02"]
[EventType "swiss"]
[EventCountry "ITA"]
[SourceTitle "playchess.com"]
[Source "ChessBase"]
[SourceQuality "1"]

{[%evp 21,124,0,16,0,3,0,18,-27,-24,-18,-18,-8,-7,-2,0,0,0,0,0,-4,-2,-5,0,0,0,0,0,0,0,0,0,0,16,0,0,0,0,0,0,0,24,0,18,17,13,0,56,53,74,0,0,0,0,0,0,-22,19,19,19,20,22,28,47,37,37,-34,-34,-39,-45,-42,-47,-38,-47,-47,-43,-47,-20,-22,-27,-29,0,0,0,0,0,0,8,0,0,0,8,0,0,0,0,0,0,0,0,0,0,0,0,0,8]} 1. e4 c5 2. Nc3 Nc6 3. Nf3 g6 4. d4 cxd4 5. Nxd4 Bg7 6. Be3 Nf6 7. Bc4 d6 8. f3 Bd7 9. Bb3 Na5 10. O-O O-O 11. Qd2 Rc8 {LiveBook: 9 Games} 12. Nd5 {B77: Sicilian Dragon: Yugoslav Attack, 9 Bc4 sidelines} (12. Rfd1 a6 13. Qf2 Nc4 14. Bxc4 Rxc4 15. a4 Qc7 16. Nb3 Be6 17. Bb6 Qc8 18. Bd4 Rd8 19. Rd2 Rb4 {½-½ (41) Salgado Lopez,I (2621)-Sebenik,M (2529) Plovdiv 2012}) 12... Re8 $146 ({Predecessor:} 12... Nxb3 13. axb3 a6 14. Bh6 Qb6 15. Be3 Qd8 {½-½ (15) Kovalev,V (2328)-Bukavshin,I (2430) Batumi 2010}) 13. c3 b5 14. Ne2 Nxd5 15. exd5 Qc7 16. Bd4 Nc4 17. Bxc4 $1 {[#] Black must now prevent Bxg7.} Bxd4+ 18. Qxd4 {aiming for Bb3.} Qxc4 19. Qxc4 Rxc4 20. Rfd1 Rec8 21. a3 Kg7 22. Nd4 Kf6 23. Nc2 h5 24. Ne3 Ra4 25. Kf2 Rc7 26. g3 Rc8 27. Rd2 h4 28. Re2 Rh8 29. Kg2 g5 30. Rae1 Ra6 31. Nd1 e5 32. dxe6 $1 fxe6 33. Nf2 hxg3 ({Black should try} 33... Ke7 $11) 34. hxg3 $14 Ke7 {[#]} 35. Ne4 (35. g4 $1 $16) 35... g4 $1 $11 36. f4 Ra4 37. Kg1 Bc6 38. Nf2 Bd5 39. Nxg4 Rg8 40. Ne3 Bf3 41. Rf2 Ba8 42. Nf1 a5 43. Rh2 (43. Rfe2 $14 Bd5 44. Rd2) 43... Rxf4 $1 $15 44. Rh7+ Rf7 45. Rxf7+ Kxf7 {[%mdl 4096] Endgame KRB-KRN} 46. Rd1 Ke7 47. Rd4 e5 48. Rh4 Bd5 49. a4 bxa4 50. Rxa4 Rb8 51. Rxa5 {The position is equal.} Ke6 52. Ne3 Be4 53. b4 d5 54. Ra6+ Ke7 $1 55. Ra5 Ke6 56. Kf2 Rc8 57. Rc5 Rxc5 58. bxc5 d4 59. cxd4 exd4 60. Nc4 Kd5 61. Nd2 Bh7 62. Nb3 Bc2 {Accuracy: White = 67%, Black = 57%.} 1/2-1/2

[Event "Vergani Le Terrazze-Elite 2019"]
[Site "Villorba"]
[Date "2019.01.06"]
[Round "9"]
[White "Blohberger, Felix"]
[Black "Ashwath, R.."]
[Result "1/2-1/2"]
[WhiteElo "2450"]
[BlackElo "2314"]
[Annotator "ChessBase"]
[PlyCount "64"]
[EventDate "2019.01.02"]
[EventType "swiss"]
[EventCountry "ITA"]
[SourceTitle "playchess.com"]
[Source "ChessBase"]
[SourceQuality "1"]
[TimeControl "5400+30"]

1. e4 {[%emt 0:08:18]} c5 {[%emt 0:03:18]} 2. Nf3 {[%emt 0:00:17]} Nc6 {[%emt 0:00:05]} 3. Bb5 {[%emt 0:00:07]} g6 {[%emt 0:00:07]} 4. O-O {[%emt 0:00:16]} Bg7 {[%emt 0:00:15]} 5. Re1 {[%emt 0:00:06]} e5 {[%emt 0:00:38]} 6. Bxc6 {[%emt 0:00:14]} dxc6 {[%emt 0:00:46]} 7. d3 {[%emt 0:00:07]} Qe7 {[%emt 0:02:41]} 8. Be3 {[%emt 0:02:47]} Bg4 {[%emt 0:05:57]} 9. Nbd2 {[%emt 0:02:07]} Nf6 {[%emt 0:01:03]} 10. h3 {[%emt 0:00:54]} Bxf3 {[%emt 0:00:37]} 11. Nxf3 {[%emt 0:00:19]} O-O {[%emt 0:01:19]} 12. a3 {[%emt 1:20:28]} Rfd8 {[%emt 0:01:21]} 13. Nd2 {[%emt 0:00:00]} Nd7 {[%emt 0:03:27]} 14. b4 {[%emt 0:00:00]} b6 {[%emt 0:02:33]} 15. Qb1 {[%emt 0:00:00]} Bf8 {[%emt 0:08:27]} 16. b5 {[%emt 0:00:00]} cxb5 {[%emt 0:05:11]} 17. Qxb5 {[%emt 0:00:00]} a6 {[%emt 0:06:39]} 18. Qb3 {[%emt 0:00:00]} b5 {[%emt 0:02:24]} 19. a4 {[%emt 0:00:00]} c4 {[%emt 0:01:30]} 20. dxc4 {[%emt 0:00:00]} Nc5 {[%emt 0:02:49]} 21. Qa2 {[%emt 0:00:00]} Nxa4 {[%emt 0:05:30]} 22. cxb5 {[%emt 0:00:00]} axb5 {[%emt 0:01:19]} 23. c4 {[%emt 0:00:00]} Nb6 {[%emt 0:05:23]} 24. Qb3 {[%emt 0:00:00]} Nxc4 {[%emt 0:00:49]} 25. Nxc4 {[%emt 0:00:00]} bxc4 {[%emt 0:00:26]} 26. Qxc4 {[%emt 0:00:00]} Qb4 {[%emt 0:02:40]} 27. Qxb4 {[%emt 0:00:00]} Bxb4 {[%emt 0:00:04]} 28. Rec1 {[%emt 0:00:00]} Rxa1 {[%emt 0:01:38]} 29. Rxa1 {[%emt 0:00:00]} Kg7 {[%emt 0:04:30]} 30. Bg5 {[%emt 0:00:00]} Rd4 {[%emt 0:02:06]} 31. Ra6 {[%emt 0:00:00]} Rd6 {[%emt 0:01:31]} 32. Rxd6 {[%emt 0:00:00]} Bxd6 {[%emt 0:00:07]} 1/2-1/2

[Event "Vergani Le Terrazze-Elite 2019"]
[Site "Villorba"]
[Date "2019.01.06"]
[Round "9"]
[White "Yankelevich, Lev"]
[Black "Sadhwani, Raunak"]
[Result "1/2-1/2"]
[WhiteElo "2448"]
[BlackElo "2451"]
[Annotator "TA"]
[PlyCount "42"]
[EventDate "2019.01.02"]
[EventType "swiss"]
[EventCountry "ITA"]
[SourceTitle "playchess.com"]
[Source "ChessBase"]
[SourceQuality "1"]

{[%evp 15,42,12,29,-10,-5,0,3,0,24,0,9,2,15,12,6,0,0,-9,-11,-10,-2,-2,-2,-6,-6,-6,0,-1,0]} 1. d4 Nf6 2. c4 e6 3. g3 c5 4. Nf3 cxd4 5. Nxd4 d5 6. Bg2 Bb4+ {E01: Catalan: Early deviations} 7. Nd2 O-O 8. cxd5 Nxd5 {LiveBook: 4 Games} 9. Nc2 $146 ({Predecessor:} 9. O-O Nc6 10. Nxc6 bxc6 11. Nc4 Ba6 12. Qc2 Qc7 13. b3 Bc3 14. Rb1 Bf6 {½-½ (78) Gupta,A (2632)-Tologontegin,S (2391) Al Ain 2014}) 9... Be7 10. O-O Nc6 11. Nc4 Bf6 12. Re1 b5 {The position is equal.} 13. N4e3 Nxe3 14. Bxe3 Bb7 15. Nd4 Bxd4 16. Bxc6 Bxe3 17. Qxd8 Raxd8 18. Bxb7 Bd4 19. Rab1 Bf6 20. Red1 Rxd1+ 21. Rxd1 Bxb2 {Accuracy: White = 47%, Black = 56%.} 1/2-1/2

[Event "Vergani Le Terrazze-Elite 2019"]
[Site "Villorba"]
[Date "2019.01.06"]
[Round "9"]
[White "Ochsner, Bjorn Moller"]
[Black "Buhmann, Rainer"]
[Result "1-0"]
[WhiteElo "2447"]
[BlackElo "2574"]
[Annotator "TA"]
[PlyCount "91"]
[EventDate "2019.01.02"]
[EventType "swiss"]
[EventCountry "ITA"]
[SourceTitle "playchess.com"]
[Source "ChessBase"]
[SourceQuality "1"]

{[%evp 30,91,25,33,39,39,39,46,50,24,39,38,25,34,45,38,61,58,64,29,25,21,25,26,61,55,92,90,122,118,121,39,37,32,36,36,36,27,39,37,92,92,92,92,92,92,204,207,222,219,208,215,227,208,273,213,202,196,495,360,668,496,496,486]} 1. e4 e5 2. Nf3 Nc6 3. Bb5 a6 4. Ba4 Nf6 5. O-O Be7 6. Re1 b5 7. Bb3 d6 8. c3 O-O 9. d4 Bg4 10. Be3 exd4 11. cxd4 d5 12. e5 Ne4 13. h3 {C91: Closed Ruy Lopez: 7...d6 8 c3 0-0 9 d4} Bh5 14. Nbd2 Nxd2 (14... a5 15. a4 bxa4 16. Bxa4 Nb4 17. Nf1 c5 18. dxc5 Bxc5 19. Bxc5 Nxc5 20. Ng3 Bg6 {½-½ (52) Maghsoodloo,P (2649)-Ding,L (2804) Batumi 2018}) 15. Qxd2 Bxf3 16. Qc3 {LiveBook: 15 Games} Rb8 {[%cal Ba8b8,Bb8b6,Bb6g6][%mdl 32] Strongly threatening ...Qd7.} 17. Qxc6 Rb6 18. Qc3 $1 Rg6 19. g3 Qd7 20. Kh2 $146 ({Predecessor:} 20. Bg5 Be4 21. Bxe7 Qxe7 22. Qe3 c5 23. dxc5 Qxe5 24. Bxd5 {½-½ (24) Lakatos,S (2395)-Schulz,G (2392) ICCF email 2013}) 20... Rc6 21. Qd3 Be4 22. Qe2 Rb8 23. f3 Bg6 24. g4 a5 25. Rec1 Rxc1 26. Rxc1 Rb6 27. Kg3 h5 28. Bc2 Rc6 29. Bxg6 fxg6 30. Qd3 ({White should try} 30. Rc2 $16) 30... Rxc1 31. Bxc1 Qc6 32. Bd2 a4 33. b3 axb3 34. axb3 hxg4 (34... h4+ $1 $14 35. Kg2 g5) 35. hxg4 $16 Qa6 {[#]} 36. Be3 $1 Kh7 37. f4 {[%cal Bf3f4,Bf4f5][%mdl 32]} Qa1 {[#]} (37... Kh8 $16 {was called for.} 38. f5 g5) 38. f5 $1 $18 {[%cal Rf5g6]} Qa6 39. Qb1 gxf5 40. Qh1+ ({Much less strong is} 40. Qxf5+ $6 Qg6 $16) 40... Kg8 41. Qxd5+ Kh7 42. Qh1+ Kg8 43. gxf5 c6 $2 (43... b4 44. Qe4 Kf7) 44. Qh5 Qa1 $2 (44... b4 45. f6 Qd3) 45. Qe8+ Bf8 46. Qxc6 {Accuracy: White = 73%, Black = 47%.} 1-0

[Event "Vergani Le Terrazze-Elite 2019"]
[Site "Villorba"]
[Date "2019.01.06"]
[Round "9"]
[White "Horvath, Dominik"]
[Black "Di Benedetto, Edoardo"]
[Result "1/2-1/2"]
[WhiteElo "2417"]
[BlackElo "2353"]
[Annotator "TA"]
[PlyCount "61"]
[EventDate "2019.01.02"]
[EventType "swiss"]
[EventCountry "ITA"]
[SourceTitle "playchess.com"]
[Source "ChessBase"]
[SourceQuality "1"]

{[%evp 20,61,18,13,29,28,30,22,83,60,92,89,105,114,167,141,122,122,112,94,115,120,122,123,119,138,128,120,133,120,118,139,118,37,125,17,24,12,14,22,23,10,20,7]} 1. c4 e6 2. Nc3 d5 3. d4 Nf6 4. cxd5 exd5 5. Bg5 Be7 6. e3 h6 7. Bh4 O-O 8. Bd3 b6 9. Qc2 Bb7 10. Nf3 c5 11. O-O {LiveBook: 7 Games. D58: Queen's Gambit Declined: Tartakower Defence} Na6 12. a3 Nc7 13. Rad1 {[#] White has an edge.} Ne6 $146 (13... c4 $11 14. Be2 Qe8) ({Predecessor:} 13... c4 14. Bf5 Nce8 15. Ne5 Nd6 16. Bxf6 Bxf6 17. Bg4 Qe7 18. f4 Rfd8 {½-½ (43) Sokolov,I (2684)-Votava,J (2518) Germany 2002}) 14. Bf5 $16 Rc8 15. Ne5 cxd4 16. exd4 Qc7 (16... Rc7 $16) 17. Ng6 Rfe8 18. Nxe7+ Qxe7 19. f3 g5 20. Bg3 Nh5 21. Be5 Nhg7 22. Bh7+ Kh8 23. Rfe1 Rf8 24. Bf5 {[#] And now Bxe6 would win.} f6 25. Bg3 Qf7 26. Rd2 (26. Bd3 $16) 26... Bc6 ({Black should play} 26... Nxf5 $14 27. Qxf5 {[%mdl 64] Double Attack} Rfe8) 27. h4 ({White should try} 27. Bg6 $16 Qd7 28. Qd3) 27... Nxf5 $11 28. Qxf5 {[%mdl 64] [#] Double Attack} Ng7 29. Qd3 Rfe8 30. hxg5 hxg5 31. Rde2 {Accuracy: White = 59%, Black = 40%.} 1/2-1/2